| 000 | 00940cam a2200265 i 4500 | ||
|---|---|---|---|
| 999 |
_c7586 _d7586 |
||
| 001 | 991034433809706706 | ||
| 003 | OSt | ||
| 005 | 20211221125223.0 | ||
| 008 | 170112r19951920spc|||| |||| 0|0 0 cat| | ||
| 035 | _a(ES-BaCBU).b68380793 | ||
| 035 | _a(OCoLC)1055880231 | ||
| 040 |
_aES-BaBC _bcat _erda _cCDMR _dCDMR |
||
| 080 |
_a821.134.1 _x(082.2) _x(05) _22004 |
||
| 245 | 0 | 0 |
_a75 aniversari de la revista Recull : _b1920-1995 : edició facsímil, núm. 1 |
| 264 | 1 |
_a[Blanes] : _b[editor no identificat], _c[1995] |
|
| 300 |
_a19 pàgines no numerades ; _c23 cm |
||
| 500 | _aReproducció del manuscrit, Blanes, 12 de juny de 1920 | ||
| 500 | _aTítol del núm. reproduit: Recull d'or: manuscrit de escriptors novells | ||
| 610 | 0 |
_94738 _aRecull (Revista) _xHistòria |
|
| 740 | 0 | _aRecull d'or | |
| 907 |
_a.b68380793 _b21-06-21 _c12-01-17 _d12-01-17 _em _fa _g- _hcat _ispc _j0 _k0 |
||
| 908 |
_aBC _aUB |
||
| 940 | _aBC | ||
| 942 |
_2udc _cFULLET |
||